The magic school bus fights germs / (Record no. 1623)
[ view plain ]
| 000 -LEADER | |
|---|---|
| fixed length control field | 01513cam a22003857a 4500 |
| 005 - DATE AND TIME OF LATEST TRANSACTION | |
| control field | 20250331113122.0 |
| 020 ## - INTERNATIONAL STANDARD BOOK NUMBER | |
| International Standard Book Number | 9780545034654 |
| 040 ## - CATALOGING SOURCE | |
| Original cataloging agency | WIQ |
| Transcribing agency | WIQ |
| Modifying agency | IUI |
| -- | OCLCQ |
| -- | OCLCA |
| -- | XY4 |
| -- | DLC |
| Language of cataloging | eng |
| 050 00 - LIBRARY OF CONGRESS CALL NUMBER | |
| Classification number | PZ7.E2773 |
| 082 ## - DEWEY DECIMAL CLASSIFICATION NUMBER | |
| Classification number | 579.3 |
| 100 1# - MAIN ENTRY--PERSONAL NAME | |
| Personal name | Egan, Kate |
| 245 14 - TITLE STATEMENT | |
| Title | The magic school bus fights germs / |
| Statement of responsibility, etc. | written by Kate Egan ; illustrated by Carolyn Bracken. |
| 250 ## - EDITION STATEMENT | |
| Edition statement | First printing, February 2008 |
| 260 ## - PUBLICATION, DISTRIBUTION, ETC. | |
| Place of publication, distribution, etc. | New York : |
| Name of publisher, distributor, etc. | Scholastic, |
| Date of publication, distribution, etc. | 2008 |
| 300 ## - PHYSICAL DESCRIPTION | |
| Extent | 29 unnumbered pages : |
| Other physical details | Color illustrations ; |
| Dimensions | 24 cm |
| 490 1# - SERIES STATEMENT | |
| Series statement | The Magic School Bus |
| 500 ## - GENERAL NOTE | |
| General note | "Cartwheel books." |
| 500 ## - GENERAL NOTE | |
| General note | "Based on the Magic School Bus books written by Joanna Cole and illustrated by Bruce Degen."--P. [4] of cover. |
| 505 ## - FORMATTED CONTENTS NOTE | |
| Formatted contents note | K <br/> |
| 520 ## - SUMMARY, ETC. | |
| Summary, etc. | Wanda is sick! Ms. Frizzle and the class will get a close look at her sore throat, but what will happen when Wanda's body mistakes the kids for germs? |
| 521 ## - TARGET AUDIENCE NOTE | |
| Target audience note | 510 <br/> |
| Source | Lexile <br/> |
| 521 ## - TARGET AUDIENCE NOTE | |
| Target audience note | K <br/> |
| Source | Raz-Plus <br/> |
| 650 #0 - SUBJECT ADDED ENTRY--TOPICAL TERM | |
| Topical term or geographic name entry element | Frizzle, Ms. (Fictitious character) |
| Form subdivision | Juvenile fiction. |
| 650 #0 - SUBJECT ADDED ENTRY--TOPICAL TERM | |
| Topical term or geographic name entry element | Bacteria |
| Form subdivision | Juvenile fiction. |
| 650 #0 - SUBJECT ADDED ENTRY--TOPICAL TERM | |
| Topical term or geographic name entry element | Human body |
| Form subdivision | Juvenile fiction. |
| 650 #0 - SUBJECT ADDED ENTRY--TOPICAL TERM | |
| Topical term or geographic name entry element | Bacterial diseases |
| Form subdivision | Juvenile fiction. |
| 650 #1 - SUBJECT ADDED ENTRY--TOPICAL TERM | |
| Topical term or geographic name entry element | Frizzle, Ms. (Fictitious character) |
| Form subdivision | Fiction. |
| 650 #1 - SUBJECT ADDED ENTRY--TOPICAL TERM | |
| Topical term or geographic name entry element | Bacteria |
| Form subdivision | Fiction. |
| 650 #1 - SUBJECT ADDED ENTRY--TOPICAL TERM | |
| Topical term or geographic name entry element | Human body |
| Form subdivision | Fiction. |
| 650 #1 - SUBJECT ADDED ENTRY--TOPICAL TERM | |
| Topical term or geographic name entry element | Bacterial diseases |
| Form subdivision | Fiction. |
| 700 1# - ADDED ENTRY--PERSONAL NAME | |
| Personal name | Bracken, Carolyn |
| Relator term | illustrator |
| 906 ## - LOCAL DATA ELEMENT F, LDF (RLIN) | |
| a | 7 |
| b | cbc |
| c | copycat |
| d | 2 |
| e | ncip |
| f | 20 |
| g | y-gencatlg |
| 942 ## - ADDED ENTRY ELEMENTS (KOHA) | |
| Source of classification or shelving scheme | Dewey Decimal Classification |
| Koha item type | Books |
| Suppress in OPAC | No |
| 999 ## - | |
| -- | 1623 |
| -- | 1623 |
| Withdrawn status | Lost status | Source of classification or shelving scheme | Damaged status | Not for loan | Collection | Home library | Current library | Shelving location | Date acquired | Total Checkouts | Full call number | Barcode | Date last seen | Date last checked out | Copy number | Price effective from | Koha item type | Date due |
|---|---|---|---|---|---|---|---|---|---|---|---|---|---|---|---|---|---|---|
| Dewey Decimal Classification | Juvenile Fiction | Footprints International School Library Network Toul Kork Campus | Footprints International School Library Network Toul Kork Campus | 11/02/2023 | EGA 579.3 PZ7.E2773 | FISBK02736 | 11/02/2023 | 2 | 09/11/2023 | Books | ||||||||
| Dewey Decimal Classification | Juvenile Fiction | Footprints International School Library Network Toul Kork Campus | Footprints International School Library Network Toul Kork Campus | TK Primary Library Room(4th Floor), Bookcase 3&4, Shelves 17-32, Yellow Books | 05/28/2024 | 2 | EGA 579.3 PZ7.E2773 | FISBK02735 | 12/18/2025 | 09/11/2025 | 3 | 05/28/2024 | Books | |||||
| Dewey Decimal Classification | Juvenile Fiction | Footprints International School Library Network Toul Kork Campus | Footprints International School Library Network Toul Kork Campus | TK Primary Library Room(4th Floor), Bookcase 3&4, Shelves 17-32, Yellow Books | 05/31/2024 | EGA 579.3 PZ7.E2773 | FISBK02734 | 05/31/2024 | 4 | 05/31/2024 | Books | |||||||
| Dewey Decimal Classification | Juvenile Fiction | Footprints International School Library Network Toul Kork Campus | Footprints International School Library Network Toul Kork Campus | TK Primary Library Room(4th Floor), Bookcase 3&4, Shelves 17-32, Yellow Books | 05/31/2024 | 1 | EGA 579.3 PZ7.E2773 | FISTK01910 | 03/25/2026 | 03/25/2026 | 5 | 05/31/2024 | Books | 04/08/2026 | ||||
| Dewey Decimal Classification | Juvenile Fiction | Footprints International School Library Network Toul Kork Campus | Footprints International School Library Network Toul Tom Poung Campus | 09/11/2023 | 5 | EGA 579.3 PZ7.E2773 | FIS04901 | 03/11/2026 | 12/18/2025 | 1 | 09/11/2023 | Books | ||||||
| Dewey Decimal Classification | Juvenile Fiction | Footprints International School Library Network Toul Tom Poung Campus | Footprints International School Library Network Toul Tom Poung Campus | TTP Primary Yellow Bookshelves | 03/31/2025 | EGA 579.3 PZ7.E2773 | 2025-0929 | 03/31/2025 | 6 | 03/31/2025 | Books |
